[Event "Copenhagen GoAudit op"]
[Site "Copenhagen"]
[Date "2022.11.06"]
[Round "7"]
[White "Moe, Mogens"]
[Black "Wehding, Laurits Bonsvig"]
[Result "1-0"]
[WhiteElo "2167"]
[BlackElo "1896"]
[PlyCount "101"]
[EventDate "2022.11.04"]
[EventType "swiss"]
[EventRounds "7"]
[EventCountry "DEN"]
[SourceTitle "CBM 211 Extra"]
[Source "ChessBase"]
[SourceDate "2023.01.31"]
[SourceVersion "1"]
[SourceVersionDate "2023.01.31"]
[SourceQuality "1"]

1. e4 e6 2. d4 d5 3. Nd2 dxe4 4. Nxe4 Nd7 5. Nf3 Ngf6 6. Bd3 b6 7. 0-0 Bb7 8. Re1 Nxe4 9. Bxe4 Bxe4 10. Rxe4 Nf6 11. Rh4 Be7 12. c4 c5 13. Qa4+ Qd7 14. Qc2 h5 15. Bg5 Ng4 16. h3 Bxg5 17. Nxg5 Qe7 18. f4 Ne3 19. Qe4 Rd8 20. Qxe3 Rxd4 21. Qe2 Qf6 22. g3 g6 23. Nf3 Rd6 24. Qe5 Ke7 25. Kf2 Rhd8 26. Ke2 a6 27. Qxf6+ Kxf6 28. g4 hxg4 29. hxg4 b5 30. Rc1 b4 31. Rh7 R8d7 32. Rc2 b3 33. axb3 Rb7 34. Rc3 Rdb6 35. Ne5 g5 36. Rh6+ Kg7 37. fxg5 Rxb3 38. Rxb3 Rxb3 39. Rf6 Rxb2+ 40. Ke3 Rb7 41. Rf1 Ra7 42. Ra1 a5 43. Nc6 Ra6 44. Nxa5 Kg6 45. Kf4 Rd6 46. Re1 Rd2 47. Re5 Rd4+ 48. Kg3 Rd3+ 49. Kh4 Rd1 50. Rxc5 Re1 51. Nc6 1-0

[Event "Copenhagen GoAudit op"]
[Site "Copenhagen"]
[Date "2022.11.04"]
[Round "1"]
[White "Ochsner, Bjorn Moller"]
[Black "Wehding, Laurits Bonsvig"]
[Result "0-1"]
[WhiteElo "2501"]
[BlackElo "1896"]
[PlyCount "94"]
[EventDate "2022.11.04"]
[EventType "swiss"]
[EventRounds "7"]
[EventCountry "DEN"]
[SourceTitle "CBM 211 Extra"]
[Source "ChessBase"]
[SourceDate "2023.01.31"]
[SourceVersion "1"]
[SourceVersionDate "2023.01.31"]
[SourceQuality "1"]

1. e4 e6 2. d4 d5 3. Nd2 dxe4 4. Nxe4 Nd7 5. Nf3 Ngf6 6. Nxf6+ Nxf6 7. g3 b6 8. Bb5+ Bd7 9. a4 a6 10. Be2 Bc6 11. Rg1 Be7 12. Ne5 Bb7 13. Bf3 Bxf3 14. Qxf3 Qd5 15. Qxd5 exd5 16. Bf4 Bb4+ 17. c3 Bd6 18. a5 b5 19. 0-0-0 0-0 20. g4 Ne4 21. Rgf1 f6 22. Nd3 Bxf4+ 23. Nxf4 c6 24. Nd3 Nd6 25. Nb4 Rfc8 26. Rfe1 Nc4 27. Re6 Nxa5 28. Rde1 c5 29. Nxd5 Rd8 30. Ne7+ Kf8 31. d5 Nc4 32. b3 Ne5 33. Rd1 Rd7 34. Nc6 Nf7 35. c4 bxc4 36. bxc4 Nd6 37. Na5 Rb8 38. Rd2 Rb4 39. Rb2 Ra4 40. Rb8+ Kf7 41. Nb3 Rxc4+ 42. Kb1 Nb5 43. Rxa6 Nc3+ 44. Kb2 Nxd5 45. Rc6 Nb4 46. Rcc8 Rc2+ 47. Ka3 Ra2# 0-1

[Event "DEN-ch U16 rapid"]
[Site "Odense"]
[Date "2022.09.30"]
[Round "3"]
[White "Loftgaard, Mikkel Vinh"]
[Black "Wehding, Laurits Bonsvig"]
[Result "1-0"]
[WhiteElo "2267"]
[BlackElo "1958"]
[PlyCount "57"]
[EventDate "2022.09.30"]
[EventType "swiss"]
[EventRounds "5"]
[EventCountry "DEN"]
[SourceTitle "EXT 2024"]
[Source "ChessBase"]
[SourceDate "2023.10.10"]
[SourceVersion "1"]
[SourceVersionDate "2023.10.10"]
[SourceQuality "1"]

1. e4 e6 2. d4 d5 3. Bd3 Nc6 4. c3 dxe4 5. Bxe4 Nf6 6. Bf3 Bd6 7. Bg5 h6 8. Bh4 g5 9. Bg3 Rg8 10. Nd2 h5 11. Nc4 h4 12. Bxd6 cxd6 13. h3 d5 14. Ne3 Qd6 15. Ne2 b6 16. Nc1 Ba6 17. Qa4 Bb7 18. Nd3 Nd7 19. 0-0-0 Rc8 20. Kb1 a6 21. Rhe1 b5 22. Qb3 Kd8 23. Nc5 Na5 24. Qa3 Qb6 25. Qxa5 Qxa5 26. Nxb7+ Kc7 27. Nxa5 Kb6 28. Nb3 a5 29. Ng4 1-0

[Event "DEN-ch U16 rapid"]
[Site "Odense"]
[Date "2022.09.30"]
[Round "4"]
[White "Wehding, Laurits Bonsvig"]
[Black "Christensen, Adam Stanczyk"]
[Result "0-1"]
[WhiteElo "1958"]
[BlackElo "1454"]
[PlyCount "98"]
[EventDate "2022.09.30"]
[EventType "swiss"]
[EventRounds "5"]
[EventCountry "DEN"]
[SourceTitle "EXT 2024"]
[Source "ChessBase"]
[SourceDate "2023.10.10"]
[SourceVersion "1"]
[SourceVersionDate "2023.10.10"]
[SourceQuality "1"]

1. d4 Nf6 2. c4 e6 3. Nf3 d5 4. Nc3 Bb4 5. Bd2 0-0 6. e3 Nbd7 7. cxd5 exd5 8. a3 Bxc3 9. bxc3 Ne4 10. c4 Ndf6 11. Rc1 Ng4 12. Bb4 Nexf2 13. Qb3 Re8 14. Bd2 Nxh1 15. cxd5 Nxh2 16. Ne5 Qh4+ 17. Kd1 Nf2+ 18. Kc2 Bf5+ 19. Kb2 Qf6 20. Bb5 Rxe5 21. dxe5 Qb6 22. e4 Nxe4 23. Be3 Qg6 24. Rxc7 Ng4 25. Bd4 Ngf2 26. Qc2 Nd6 27. Qc5 Nxb5 28. Qxb5 Nd3+ 29. Kb3 Qa6 30. Qxa6 bxa6 31. e6 fxe6 32. Rxg7+ Kf8 33. dxe6 Nc5+ 34. Ka2 Nxe6 35. Rxa7 Rxa7 36. Bxa7 Ke7 37. Kb3 Kd6 38. Kb4 Kd5 39. g3 Bd3 40. a4 Ke4 41. Bb8 Kf3 42. a5 Ng5 43. Kc5 Ne4+ 44. Kd4 Bb5 45. Ke5 Nxg3 46. Kf6 Ne2 47. Kg5 Nd4 48. Ba7 Nc6 49. Bb6 Ke2 0-1

[Event "DEN-ch U14 rapid"]
[Site "Odense"]
[Date "2021.10.01"]
[Round "3"]
[White "Skaelbaek, Noah"]
[Black "Wehding, Laurits Bonsvig"]
[Result "1/2-1/2"]
[WhiteElo "1650"]
[BlackElo "1637"]
[PlyCount "54"]
[EventDate "2021.10.01"]
[EventType "swiss"]
[EventRounds "5"]
[EventCountry "DEN"]
[SourceTitle "EXT 2024"]
[Source "ChessBase"]
[SourceDate "2023.10.10"]
[SourceVersion "1"]
[SourceVersionDate "2023.10.10"]
[SourceQuality "1"]

1. e4 c6 2. d4 d5 3. Nc3 dxe4 4. Nxe4 Nf6 5. Nxf6+ exf6 6. Nf3 Bd6 7. Be2 0-0 8. 0-0 Bg4 9. c4 Re8 10. Re1 Bb4 11. Bd2 Na6 12. Bxb4 Nxb4 13. a3 Bxf3 14. gxf3 Na6 15. Qd2 Nc5 16. Rad1 Ne6 17. Bf1 Qb6 18. d5 cxd5 19. cxd5 Red8 20. Qe3 Nc5 21. b4 Na4 22. f4 Qxe3 23. Rxe3 Rd6 24. Rd2 Nb6 25. Red3 Rad8 26. Bg2 Kf8 27. Kf1 Rc8 1/2-1/2

[Event "DEN-ch U14 rapid"]
[Site "Odense"]
[Date "2020.11.20"]
[Round "3"]
[White "Andries, Alf"]
[Black "Wehding, Laurits Bonsvig"]
[Result "1-0"]
[WhiteElo "1645"]
[BlackElo "1554"]
[PlyCount "98"]
[EventDate "2020.11.20"]
[EventType "swiss"]
[EventRounds "5"]
[EventCountry "DEN"]
[SourceTitle "EXT 2024"]
[Source "ChessBase"]
[SourceDate "2023.10.10"]
[SourceVersion "1"]
[SourceVersionDate "2023.10.10"]
[SourceQuality "1"]

1. e4 c5 2. c3 Nc6 3. d4 cxd4 4. cxd4 d5 5. exd5 Qxd5 6. Nf3 e5 7. Nc3 Bb4 8. Bd2 Bxc3 9. Bxc3 e4 10. Ne5 Nge7 11. Bc4 Qd6 12. Nxf7 Qg6 13. Nxh8 Qxg2 14. Kd2 e3+ 15. Kc1 exf2 16. Qf1 Bh3 17. Qxg2 Bxg2 18. Rd1 0-0-0 19. Nf7 Rf8 20. Kd2 Nd5 21. Ne5 Nce7 22. Bf1 Be4 23. Rac1 Nc6 24. Bh3+ Kc7 25. Bf1 Kd6 26. Bc4 Nb6 27. Bb5 Nd5 28. Nxc6 bxc6 29. Bc4 Bf3 30. Rf1 Bg2 31. Bxd5 Kxd5 32. Ke2 Bxf1+ 33. Rxf1 Rf5 34. Rxf2 Rh5 35. Kf3 g6 36. Kg3 Kc4 37. Rf7 a6 38. Rb7 a5 39. Ra7 Rg5+ 40. Kf2 Rh5 41. Kg2 Rg5+ 42. Kh1 Kd3 43. Rxa5 Rg4 44. Re5 h5 45. a4 Kc4 46. a5 Rf4 47. a6 Rf1+ 48. Kg2 Ra1 49. Ra5 Rxa5 1-0